<?xml version="1.0" encoding="UTF-8"?>
<record
    xmlns:xsi="http://www.w3.org/2001/XMLSchema-instance"
    xsi:schemaLocation="http://www.loc.gov/MARC21/slim http://www.loc.gov/standards/marcxml/schema/MARC21slim.xsd"
    xmlns="http://www.loc.gov/MARC21/slim">

  <leader>02281nam a2200301   4500</leader>
  <datafield tag="999" ind1=" " ind2=" ">
    <subfield code="c">8231</subfield>
    <subfield code="d">8231</subfield>
  </datafield>
  <controlfield tag="001">21731</controlfield>
  <controlfield tag="003">BD-DhUAP</controlfield>
  <controlfield tag="005">20221204152653.0</controlfield>
  <controlfield tag="008">160323s2016    enk      b    001 0 eng  </controlfield>
  <datafield tag="020" ind1=" " ind2=" ">
    <subfield code="a">9780198727651 (pbk.)</subfield>
  </datafield>
  <datafield tag="040" ind1=" " ind2=" ">
    <subfield code="a">BD-DhUAP</subfield>
    <subfield code="b">Eng</subfield>
    <subfield code="e">BD-DhUAP</subfield>
    <subfield code="c">DLC</subfield>
  </datafield>
  <datafield tag="042" ind1=" " ind2=" ">
    <subfield code="a">pcc</subfield>
  </datafield>
  <datafield tag="082" ind1=" " ind2=" ">
    <subfield code="2">23</subfield>
    <subfield code="a">346.42004 DAV</subfield>
  </datafield>
  <datafield tag="100" ind1="1" ind2=" ">
    <subfield code="a">Davies, Paul S.</subfield>
    <subfield code="c">(Law teacher),</subfield>
    <subfield code="e">author.</subfield>
  </datafield>
  <datafield tag="245" ind1="1" ind2="0">
    <subfield code="a">Equity &amp; trusts :</subfield>
    <subfield code="b">text, cases, and materials /</subfield>
    <subfield code="c">Paul S. Davies, MA, Barrister of Lincoln's Inn, Associate Professor in Law, Fellow and Tutor of St Catherine's College, Oxford; Graham Virgo BCL, MA, Bencher of Lincoln's Inn, Professor of English Private Law, University of Cambridge, Pro-Vice-Chancellor for Education, University of Cambridge, Fellow of Downing College, Cambridge ; consultant editor, E.H. Burn BCL, MA, Barrister and Honorary Bencher of Lincoln's Inn, Emeritus Student of Christ Church, Oxford, Formerly Professor of Law in the City University.</subfield>
  </datafield>
  <datafield tag="246" ind1="3" ind2=" ">
    <subfield code="a">Equity and trusts</subfield>
  </datafield>
  <datafield tag="250" ind1=" " ind2=" ">
    <subfield code="a">Second edition.</subfield>
  </datafield>
  <datafield tag="264" ind1=" " ind2="1">
    <subfield code="a">Oxford, United Kingdom :</subfield>
    <subfield code="b">Oxford University Press,</subfield>
    <subfield code="c">[2016]</subfield>
  </datafield>
  <datafield tag="300" ind1=" " ind2=" ">
    <subfield code="a">xxxix, 1045 pages ;</subfield>
    <subfield code="c">25 cm</subfield>
  </datafield>
  <datafield tag="500" ind1=" " ind2=" ">
    <subfield code="a">"This book has emerged ... from Maudsley and Burn's trusts and trustees : cases and materials, the seventh edition of which was published in 2008"--Preface.</subfield>
  </datafield>
  <datafield tag="504" ind1=" " ind2=" ">
    <subfield code="a">Includes bibliographical references (pages xi-xii) and index.</subfield>
  </datafield>
  <datafield tag="505" ind1="0" ind2=" ">
    <subfield code="a">Introduction to equity -- Introduction to trusts -- The requirements of an express trust -- Creation of express trusts -- Charitable purpose trusts -- Non-charitable purpose trusts -- Constructive trusts -- Resulting trusts -- Informal arrangements relating to land -- Beneficiaries -- General principles relating to trustees -- The administration of trusts -- Dispositive powers and duties -- Fiduciary obligations -- Variation of trusts -- Liability for breach -- Personal claims and remedies -- Proprietary claims and remedies -- Third party liability -- Equitable orders.</subfield>
  </datafield>
  <datafield tag="650" ind1=" " ind2="0">
    <subfield code="a">Trusts and trustees</subfield>
    <subfield code="z">Great Britain</subfield>
    <subfield code="v">Cases.</subfield>
  </datafield>
  <datafield tag="700" ind1="1" ind2=" ">
    <subfield code="a">Virgo, Graham,</subfield>
    <subfield code="e">author.</subfield>
  </datafield>
  <datafield tag="700" ind1="1" ind2=" ">
    <subfield code="a">Burn, E. H.</subfield>
    <subfield code="q">(Edward Hector),</subfield>
    <subfield code="d">1922-</subfield>
    <subfield code="e">editor.</subfield>
  </datafield>
  <datafield tag="775" ind1="0" ind2="8">
    <subfield code="i">Revision of:</subfield>
    <subfield code="t">Maudsley &amp; Burn's equity &amp; trusts</subfield>
    <subfield code="d">Oxford, United Kingdom : Oxford University Press,  [2013]</subfield>
  </datafield>
  <datafield tag="942" ind1=" " ind2=" ">
    <subfield code="2">ddc</subfield>
    <subfield code="c">BK</subfield>
  </datafield>
  <datafield tag="952" ind1=" " ind2=" ">
    <subfield code="0">0</subfield>
    <subfield code="1">0</subfield>
    <subfield code="2">ddc</subfield>
    <subfield code="4">0</subfield>
    <subfield code="7">0</subfield>
    <subfield code="a">UAPCL</subfield>
    <subfield code="b">UAPCL</subfield>
    <subfield code="c">General Stacks</subfield>
    <subfield code="d">2022-12-04</subfield>
    <subfield code="o">346.42004 DAV</subfield>
    <subfield code="p">3010021731</subfield>
    <subfield code="r">2022-12-04</subfield>
    <subfield code="t">1</subfield>
    <subfield code="v">10613.00</subfield>
    <subfield code="w">2022-12-04</subfield>
    <subfield code="y">BK</subfield>
  </datafield>
</record>
